000 00568nam a22002177a 4500
003 UA-OsUOA
001 53255
007 ta
008 20080326b un ||||| |||| 00| 0 ukr d
090 _a82.09(477)
_bЛ63
942 _cBK
040 _aUA-OsUOA
_bukr
_cUA-OsUOA
_dUA-OsUOA
245 _aЛітература та культура Полісся
300 _a249 с.
955 _a1
041 _aukr
080 _a82.09(477)
260 _aНіжин
_c2007
650 7 _a82 Література. Літературознавство
_2UDC
999 _c339345
_d339345